Vorschläge zur Einrichtung eines Simon-Dach-Portals
| Titel: | Vorschläge zur Einrichtung eines Simon-Dach-Portals / Axel E. Walter |
|---|---|
| Verfasser: | |
| In: |
Musik und Literatur im frühneuzeitlichen Preußenland, (2009), Seite 249-283 alle Artikel anzeigen |
| Veröffentlicht: | 2009 |
| Format: | Aufsatz |
| Sprache: | Deutsch |
X
alg: 22027819 001A $04504:02-02-10 001B $03025:22-02-23 $t16:04:04.000 001C $04504:02-02-10 $t12:48:00.000 001D $04504:02-02-10 001U $0utf8 001X $00 002@ $0Aou 003@ $0220278199 007A $0220278199 $aHEB 010@ $ager 011@ $a2009 021A $aVorschläge zur Einrichtung eines Simon-Dach-Portals $hAxel E. Walter 028A $#Walter, Axel $7129728365 $8Walter, Axel E.$Z1967- [Tp1] $9160010500 031A $h249-283 $j2009 039B $aIn $8--Aau--. Musik und Literatur im frühneuzeitlichen Preußenland. - Marburg : Elwert, 2009. - 334 S.. - Ill., Kt., Notenbeisp.. - ISBN 978-3-7708-1329-2 $x200900000000000751 $9214767000 044K $RDach, Simon $RLepler, Anna $RDach, Christoph $RDach, Simon $RDach, Robertin $RDach, Regina $RBergen, Regina $RBergen, Abraham von $RDach, Christian $RDach, Johann $RBergen, Sophie von $RZinten, August Mauritius zu $RBergen, Johann von $#Dachen, Simon $#Dachius, Simon $#Dachios, Simon $#Dakas, Simonas $#Chasmindo $#Chasmindo$#Chasmindo $#Chasmindo $#Chasmindus $#Sichamond $#Philison $#S. D. $#Chasmindo, Sichamond $#Dachas, Simonas $#Дах, Симон $711852321X $8Dach, Simon$Z1605-1659 [Tp1] $9086864300 044K $RAusgabe $RHerausgeber $#Editing $#Édition critique $#Edición $#Editionstechnik $#Editionstätigkeit $#Textedition $#Editionswissenschaft $#Editionsphilologie $#Edieren $#Editionsvorhaben $#Editorik $74132033-5 $8Edition [Ts1] $9085473367 044K $RVerzeichnis $RInformationsmittel $RKatalog $RLiteraturbericht $RNeuerwerbungsliste $RBibliograf $RBibliografin $#Bibliography $#Bibliographie $#Bibliography, Critical $#Bibliographie critique $#Bibliographie $#Abstract Formschlagwort $#Bücherverzeichnis $#Literaturdokumentation Formschlagwort $#Literaturverzeichnis $#Publikationen Formschlagwort $#Repertorium Bibliografie $#Werke Formschlagwort $#Bibliografien $#Bibliographien $74006432-3 $8Bibliografie [Ts1] $9085009210 044K $RWebsite $#Web portals $#Portails Internet $#Portales de Internet $#Digitale Plattform $#Web-Portal $#Internetportal $#Portal Internet $74634625-9 $8Portal$gInternet [Ts1] $9098311921 045G $a809 $eDDC23BSB 045G/01 $a809 045G/03 $f090511 045G/03 $g43832 045V $aDach, Simon $811.12.00$jZu einzelnen Autoren [Tkx] $9118843559 lok: 22027819 62 exp: 22027819 62 1 #EPN 201B/01 $002-02-10 $t22:55:12.000 203@/01 $0588010197 208@/01 $a02-02-10 $be 209A/01 $a/ $f000 $x00 209B/01 $a2010 $x05 247C/01 $8Frankfurt, Bibliographie der Deutschen Sprach- und Literaturwissenschaft $9113214561 201U/01 $0utf8 lok: 22027819 78 exp: 22027819 78 1 #EPN 201B/01 $010-02-20 $t14:49:35.000 201C/01 $010-02-20 201U/01 $0utf8 203@/01 $01081414545 208@/01 $a10-02-20 $be 209A/01 $a/ $f000 $x00 209A/01 $ab*p $x01 220C/01 $apgar 244Z/01 $#Preußen $#Preußen $#Brandenburg-Preußen $#Königreich Preußen $#Preußische Staaten $#Preußischer Staat $#Der @Preußische Staat $#Königlich Preußische Staaten $#Prusy Królewskie $#Königlich Preußen $#Prussia $74047194-9 $8--Tg1--Preußen $x01 $9085131652 247C/01 $82080>Marburg/Lahn, Herder-Institut, Forschungsbibliothek, Bibliographieportal $9336309341
| LEADER | 00000caa a2200000 c 4500 | ||
|---|---|---|---|
| 001 | 220278199 | ||
| 003 | DE-603 | ||
| 005 | 20230222160404.0 | ||
| 007 | tu | ||
| 008 | 100202s2009 xx |||| | u00||u|ger c | ||
| 035 | |a (DE-599)HEB220278199 | ||
| 040 | |a DE-603 |b ger |c DE-603 |d DE-603 | ||
| 041 | |a ger | ||
| 083 | 0 | |8 1\u |a 809 |q DE-101 |2 23/BSB | |
| 085 | |8 1\u |b 809 | ||
| 085 | |8 1\u |z 1 |s 090511 | ||
| 085 | |8 1\u |z 2 |s 43832 | ||
| 100 | 1 | |a Walter, Axel E. |d 1967- |0 (DE-603)160010500 |0 (DE-588)129728365 |2 gnd | |
| 245 | 0 | 0 | |a Vorschläge zur Einrichtung eines Simon-Dach-Portals |c Axel E. Walter |
| 264 | 0 | |c 2009 | |
| 600 | 1 | 7 | |a Dach, Simon |d 1605-1659 |0 (DE-588)11852321X |0 (DE-603)086864300 |2 gnd |
| 650 | 7 | |a Edition |0 (DE-588)4132033-5 |0 (DE-603)085473367 |2 gnd | |
| 650 | 7 | |a Bibliografie |0 (DE-588)4006432-3 |0 (DE-603)085009210 |2 gnd | |
| 650 | 7 | |a Portal |g Internet |0 (DE-588)4634625-9 |0 (DE-603)098311921 |2 gnd | |
| 773 | 0 | 8 | |i In |t Musik und Literatur im frühneuzeitlichen Preußenland |d Marburg : Elwert, 2009 |h 334 S., Ill., Kt., Notenbeisp. |z 9783770813292 |g (2009), Seite 249-283 |w (DE-603)214767000 |
| 924 | 0 | |9 603 |a (DE-603)588010197 |b DE-603 |c HES |d d | |
| 924 | 0 | |9 2080 |a (DE-603)1081414545 |b DE-2080 |c HES |d d |g / | |


